000 00875cam a2200277I 4500
001 4729156
003 ARRUPE
005 20150418020004.0
008 781103s1953 enkab 000 0 eng
010 _a54001745
035 _a(OCoLC)ocm04346232
035 _a(NNC)4729156
040 _aDLC
_cOUN
_dUKM
050 _aGN659.N5
_bH8
098 _aJa2
100 1 _aHuntingford, George Wynn Brereton.
_917329
245 1 4 _aThe Southern Nilo-Hamites.
260 _aLondon,
_bInternational African Institute,
_c1953.
300 _a152 p.
_billus., maps (1 fold. col.)
_c24 cm.
490 1 _aEthnographic survey of Africa. East Central Africa ;
_vpt. 8
504 _aBibliography: p. 140-146.
650 0 _aNilo-Hamitic peoples.
_917330
830 0 _aEthnographic survey of Africa.
_pEast Central Africa ;
_vpt. 8.
_917331
942 _2lcc
_cMONOGRAPH
_02
999 _c122709
_d122709